000 00370nam a2200157Ia 4500
003 0STCL
008 150530s9999 xx 000 0 und d
040 _aSTCL
_cSTCL
100 _aBronson Gray, J.
245 _aIntroduction to Ansi C for engineers and scientists
260 _c1994
546 _aEnglish
942 _2ddc
_cBK
999 _c885
_d885
005 20220125160207.0